| 000 | 01021nam a2200241 i 4500 | ||
|---|---|---|---|
| 001 | bg | ||
| 100 | 1 | _aJUDA-REZLER, Katarzyna. | |
| 245 | 1 | 0 |
_aUniwersalna funkcja celu dla zintegrowanych modeli oceny wpływu zanieczyszczeń powietrza na środowisko / _cKatarzyna Juda-Rezler. |
| 260 |
_aWarszawa : _bOficyna Wydawnicza Politechniki Warszawskiej, _c2004. |
||
| 300 |
_a130, [1] s. : _bil. ; _c24 cm. |
||
| 490 | 1 |
_aPrace Naukowe. Inżynieria Środowiska / Politechnika Warszawska, _x1234-4338 ; _vz. 47 |
|
| 500 | _aOpis wg okł.- Tyt. nagł. serii: Prace Naukowe Politechniki Warszawskiej. - Streszcz. ang. | ||
| 504 | _aBibliogr. | ||
| 650 | 9 |
_aSiarka _xzwiązki _xwpływ na środowisko _zPolska |
|
| 650 | 9 |
_aPowietrze _xdegradacja _xbadanie _zPolska |
|
| 650 | 9 |
_aDegradacja środowiska _xbadanie |
|
| 830 | 0 |
_aPrace Naukowe - Politechnika Warszawska. _pInżynieria Środowiska ; _vz. 47 |
|
| 040 | _cBPK | ||
| 041 | 0 |
_apol _beng |
|
| 080 | _a504.3.054 | ||
| 942 | _cKS | ||
| 008 | s pl f |000 0 pol | ||
| 999 |
_c44969 _d44969 |
||
| 856 |
_uhttp://koha.tu.koszalin.pl/cgi-bin/koha/opac-detail.pl?biblionumber=44969 _yKatalog online BPK |
||